[Event "UAE-ch U15 int"]
[Site "Al Ain"]
[Date "2015.04.09"]
[Round "7"]
[White "Ismayilzada, Ismayil Tariel"]
[Black "Sultan, Fadel Saeed M Alsha"]
[Result "1-0"]
[WhiteElo "1818"]
[BlackElo "1293"]
[PlyCount "40"]
[EventDate "2015.04.06"]
[EventType "swiss"]
[EventRounds "9"]
[EventCountry "UAE"]
[SourceTitle "CBM 166 Extra"]
[Source "ChessBase"]
[SourceDate "2015.06.18"]
[SourceVersion "1"]
[SourceVersionDate "2015.06.18"]
[SourceQuality "1"]

1. c4 Nf6 2. g3 e6 3. Bg2 Be7 4. Nf3 0-0 5. 0-0 d6 6. Nc3 Nbd7 7. d3 Nb6 8. Bd2 Bd7 9. Qc2 c5 10. h3 Bc6 11. b4 d5 12. bxc5 Bxc5 13. d4 Be7 14. cxd5 Nbxd5 15. Ne5 Nxc3 16. Bxc3 Bxg2 17. Kxg2 Qd5+ 18. f3 Rac8 19. Qd3 Nd7 20. Nxd7 Qxd7 1-0

[Event "UAE-ch U15 int"]
[Site "Al Ain"]
[Date "2015.04.07"]
[Round "4"]
[White "Asadli, Vugar Afgan Oglu"]
[Black "Ismayilzada, Ismayil Tariel"]
[Result "1-0"]
[WhiteElo "2287"]
[BlackElo "1818"]
[PlyCount "49"]
[EventDate "2015.04.06"]
[EventType "swiss"]
[EventRounds "9"]
[EventCountry "UAE"]
[SourceTitle "CBM 166 Extra"]
[Source "ChessBase"]
[SourceDate "2015.06.18"]
[SourceVersion "1"]
[SourceVersionDate "2015.06.18"]
[SourceQuality "1"]

1. e4 d5 2. exd5 Nf6 3. c4 c6 4. Nc3 cxd5 5. cxd5 Nxd5 6. Nf3 Nc6 7. Bb5 Nxc3 8. bxc3 e6 9. Ne5 Bd7 10. Nxd7 Qxd7 11. 0-0 Be7 12. d4 0-0 13. Re1 Rad8 14. Bf4 Bd6 15. Bg5 Be7 16. Bxe7 Qxe7 17. Re3 Qd6 18. Qg4 Ne7 19. Bd3 f5 20. Qh4 Rf6 21. Rg3 Ng6 22. Qg5 Qe7 23. Re1 h6 24. Qh5 f4 25. Rxg6 1-0